000
00314nam a22001217a 4500
008
170401b xxu||||| |||| 00| 0 eng d
041
_a
eng
080
_a
574
100
_a
9
101
_a
SHM
245
_a
A GUIDE TO THE COMMON DIATOMS AT WATER POLLUTION SURVEILLANCE SYSTEM STATIONS
_c
WEBER, C.I
942
_2
udc
_c
BK
999
_c
9443
_d
9443